000 00576nam a2200181Ia 4500
005 20250508154915.0
008 008 250505s9999 xx 000 0 eng d
037 _aTextual
040 _aFEDL
_beng
_cFEDL
041 _aeng
_2eng
084 _a378.59, UNE
_qFEDL
100 _aHayden Howard
_9341421
245 0 _aHigher education and development in south-east asia. Vol 2
260 _aParis, France
_bUnited Nations Educational, Scientific and Cultural Organization
_c1967
300 _a615p.
942 _cTEXL
_h378.59, UNE
999 _c1352743
_d1352743